000
00249nam a2200097 a 4500
005
20201002045125.0
008
140514s1934 000 spa d
245
0
_a
Manuel des Études Grecques et Latines.
260
_a
París,
_c
1934.
999
_c
43548
_d
43548
040
_a
DO-SdBNP